00792nam a22002297a 45000050016000000100025000160200026000410200023000670350023000900370013001130370016001260820011001422450062001532600046002152700093002613000021003545000020003755200095003956500022004906500021005127000029005332012010306546.0 aENG-104560 B-489824 a9789350180242c495.00 a9350180243c495.00 aEN-88093 B-489824 bDBAD/PUB bK.K.Pub/Ven04a172.4210aPhilosophy of peace /cedited by Amulya Ranjan Mohapatra aNew Delhi bReadworthy Publicationsc2011 a4735/22, Prakash Deep Building. Ground Floor, Ansari Road, Darya GanjbNew Delhie110002 a124p. c23cm(Hb) aIncludes index aStudy on Swarnajayanti Gram Swarozgar Yojana in Jalpaiguri District of West Bengal, India. aPeace(Philosophy) aHindu philosophy aMohapatra, Amulya Ranjan